Planificación estratégica para los centros de gestión y grupos asociados

Spremljeno u:
Bibliografski detalji
Autor kompanije: Fundación Chile (Autor)
Format: Knjiga
Jezik:španjolski
Izdano: Santiago Programa Gestión Agropecuaria 2000
Teme:
Oznake: Dodaj oznaku
Bez oznaka, Budi prvi tko označuje ovaj zapis!

MARC

LEADER 00000nam a2200000 a 4500
001 UCM0625
003 CL-VaPUC
008 020301e20000000CL |||||||||||||||||spa|d
082 0 4 |a 658.4012  |b FUN  |2 21 
110 2 |a Fundación Chile  |e author  |9 467547 
245 1 0 |a Planificación estratégica para los centros de gestión y grupos asociados 
300 |a 39 p 
942 |c BK 
945 |d 20020301 00:00:00  |a cmena 
260 |a Santiago  |b Programa Gestión Agropecuaria  |c 2000 
650 0 |a Industria agrícola   |9 264819 
650 0 |a Planificación estratégica   |9 259735 
650 0 |a Proyectos de inversión   |9 261065 
650 0 |a Gestión de la información   |9 362327 
650 7 |a CENTROS DE GESTION  |2 CL-VaPUC  |9 467548 
651 7 |a CHILE  |2 CL-VaPUC  |9 467549 
583 |a last modification  |c 20160923 10:42:48  |k Rodrigo Vera 
999 |c 299501  |d 299499 
952 |0 0  |1 0  |4 0  |6 658_401200000000000_FUN_2000  |7 0  |8 A  |9 356096  |a BIBAGR  |b BIBAGR  |d 2019-11-21  |i 3681726  |o 658.4012 FUN 2000  |p 3681726  |r 2025-01-20  |w 2019-11-21  |y BK  |k AGR